Normal view
MARC view
- Shirali, Satish, Vasudeva, Harkrishan L
Entry Personal Name
001 - CONTROL NUMBER
- control field: 61998
003 - CONTROL NUMBER IDENTIFIER
- control field: NUST
005 - DATE AND TIME OF LATEST TRANSACTION
- control field: 20210628202847.0
008 - FIXED-LENGTH DATA ELEMENTS
- fixed length control field: 210628|| aca||aabn | a|a d
040 ## - CATALOGING SOURCE
- Original cataloging agency: NUST
- Transcribing agency: NUST
100 ## - HEADING--PERSONAL NAME
- Personal name: Shirali, Satish, Vasudeva, Harkrishan L
670 ## - SOURCE DATA FOUND
- Source citation: Work cat.: (NUST): Shirali, Satish, Vasudeva, Harkrishan L, Mathematical analysis, 2006
